00517nam a22001697a 450000500170000001000150001702000260003203500140005803700090007208200060008110000250008724500390011225000060015126000480015727001210020530000210032620260514102833.0 aENG-148463 a9789395481083c400.00 aEN-131995 bDBAD aN aRanganathan, Sandhya aIf Then Else/cSandhya Ranganathan a1 bVishwakarma Publicationsc2023aMaharashtra a34A/1, Suyog Center, 7th floor, Gultekedi Marketyard Road, Giridhar Bhavan Chowk, e411037bPuneminfo@vpindia.co.in a263p.c21cm (pb)